000 00811cas a2200253 4500
001 12744
003 BD-RjUL
005 20211208235341.0
008 181022s2016 uk ||||| | 00| 0 eng d
020 _a978452281964 :
035 _a(BD-RjUL)12794
040 _aDLC
_cDLC
_dBD-RjUL
_beng
041 _aeng
082 _a610.727
_bPEN 2016
100 1 _4Pet, Marjorie A.
245 1 0 _aNonparametric Statistics for health care Research : sttistics for small sample and unusual distributions / /
_cMarjorie A. Pett
250 _aSecond edition
264 _aLondon :
_bSage ,
_cc2016
300 _axv, 451 p. :
_bill. ;
_c23 cm.
504 _aIncludes bibliographical references and index.
650 0 _aMedicine
_xStatistical methods
_934324
650 2 _aNonparametric Statistics
_934325
942 _2ddc
_cBK
999 _c12744
_d12744